[Event "SCG-chT (Women)"]
[Site "Budva"]
[Date "2004.09.13"]
[Round "6.4"]
[White "Milovic, Aleksandra"]
[Black "Tanaskovic, Sinisa"]
[Result "1/2-1/2"]
[WhiteElo "2130"]
[BlackElo "2015"]
[PlyCount "66"]
[EventDate "2004.09.08"]
[EventType "team-tourn"]
[EventRounds "11"]
[EventCountry "YUG"]
[SourceTitle "CBM 102 Extra"]
[Source "ChessBase"]
[SourceDate "2004.11.03"]
[SourceVersion "1"]
[SourceVersionDate "2004.11.03"]
[SourceQuality "1"]
[WhiteTeam "02"]
[BlackTeam "09"]
[WhiteTeamCountry "YUG"]
[BlackTeamCountry "YUG"]

1. e4 d6 2. d4 Nf6 3. Nc3 g6 4. Nf3 Bg7 5. Be3 0-0 6. Qd2 c6 7. 0-0-0 b5 8. Bd3 a6 9. Bh6 Nbd7 10. h4 e5 11. Bxg7 Kxg7 12. h5 Qe7 13. hxg6 fxg6 14. dxe5 dxe5 15. Qh6+ Kg8 16. Ng5 Ng4 17. Qxh7+ Qxh7 18. Rxh7 Nxf2 19. Re1 Nc5 20. Kd2 Nfxd3 21. cxd3 Rf2+ 22. Ke3 Rxg2 23. Reh1 Rxg5 24. Rh8+ Kf7 25. R1h7+ Ke6 26. Re8+ Kd6 27. Rd8+ Nd7 28. Rhxd7+ Bxd7 29. Rxa8 Rg3+ 30. Kd2 Rg2+ 31. Kc1 Rg3 32. Kc2 Rg2+ 33. Kc1 Rg3 1/2-1/2